<?xml version="1.0" encoding="UTF-8"?>
<collection xmlns="http://www.loc.gov/MARC21/slim">
 <record>
  <leader>00418pamaa2200157   4500</leader>
  <controlfield tag="001">0000033420</controlfield>
  <controlfield tag="005">20060706090000.0</controlfield>
  <datafield tag="020" ind1="0" ind2="0">
   <subfield code="a">0600566390 </subfield>
  </datafield>
  <datafield tag="082" ind1=" " ind2=" ">
   <subfield code="a">362.14 ILY</subfield>
  </datafield>
  <datafield tag="090" ind1="0" ind2="0">
   <subfield code="a">RC55 </subfield>
   <subfield code="b">ILY 1989</subfield>
  </datafield>
  <datafield tag="100" ind1="1" ind2="0">
   <subfield code="a">KOVAR </subfield>
  </datafield>
  <datafield tag="245" ind1="1" ind2="0">
   <subfield code="a">Coping with children's ailments  </subfield>
   <subfield code="c">Ilya Kovar.</subfield>
  </datafield>
  <datafield tag="260" ind1="0" ind2="0">
   <subfield code="a">London: </subfield>
   <subfield code="b">Hamlyn Publishing, </subfield>
   <subfield code="c">1989.</subfield>
  </datafield>
  <datafield tag="300" ind1=" " ind2=" ">
   <subfield code="a">128p.; </subfield>
   <subfield code="c">20cm.</subfield>
  </datafield>
  <datafield tag="440" ind1="0" ind2="0">
   <subfield code="a">Hamlyn Help Yourself Guide</subfield>
  </datafield>
  <datafield tag="650" ind1="0" ind2="0">
   <subfield code="a">Children -- </subfield>
   <subfield code="x">Diseases </subfield>
  </datafield>
 </record>
</collection>
